000 00780nam a22002292 4500
001 0000020306
005 20151217152212.0
008 110912s xx 000 0 eng d
020 _a1565936310 :
040 _aKABU
_cKABU
100 1 _aStein, Franklin.
_@0000180462
245 1 0 _aClinical research in allied health and special education /
_cFranklin Stein, Susan K. Cutler.
250 _a3rd ed.
260 _aSan Diego :
_bSingular publishing group,
_c1996.
300 _axxi, 482 p.
650 0 _aMedical rehabilitation
_xResearch
_xMethodology.
_@0000180463
650 0 _aSpecial education
_xResearch
_xMethodoloy.
_@0000180464
700 1 _aCutler, Susan.
_@0000180465
852 1 _9p8250 KES
908 _a110912
950 _@1
999 _c9266
_d9266